| 000 | 00457nam a2200169Ia 4500 | ||
|---|---|---|---|
| 003 | GCL | ||
| 008 | 140319s9999 xx 000 0 eng d | ||
| 040 |
_aGCL / _cGCL |
||
| 082 | 0 | 4 |
_a780.9 _bS C |
| 100 | 1 | _aLATHAM, ALISON | |
| 245 | 1 | 0 |
_aTHE CAMBRIDGE MUSIC GUIDE / _cLATHAM, ALISON |
| 700 | 1 | _aSADIE, STANLEY | |
| 260 |
_a[S.N] : _bCAMBRIBGE UNIVERSITY PRESS ، _c1991 |
||
| 300 | _a544 P | ||
| 650 | 0 | 4 | _aMUSIC - HISTORY AND CRITICISM |
| 942 |
_2ddc _cBK |
||
| 999 |
_c21525 _d21525 |
||